<?xml version="1.0" encoding="UTF-8"?><?xml-stylesheet type="text/xsl" href="static/style.xsl"?><OAI-PMH xmlns="http://www.openarchives.org/OAI/2.0/" xmlns:xsi="http://www.w3.org/2001/XMLSchema-instance" xsi:schemaLocation="http://www.openarchives.org/OAI/2.0/ http://www.openarchives.org/OAI/2.0/OAI-PMH.xsd"><responseDate>2026-06-01T19:57:23Z</responseDate><request verb="GetRecord" identifier="oai:riuma.uma.es:10630/45260" metadataPrefix="marc">https://riuma.uma.es/rest/oai/request</request><GetRecord><record><header><identifier>oai:riuma.uma.es:10630/45260</identifier><datestamp>2026-02-07T00:45:44Z</datestamp><setSpec>com_10630_2254</setSpec><setSpec>col_10630_37959</setSpec></header><metadata><record xmlns="http://www.loc.gov/MARC21/slim" xmlns:dcterms="http://purl.org/dc/terms/" xmlns:doc="http://www.lyncode.com/xoai" xmlns:xsi="http://www.w3.org/2001/XMLSchema-instance" xsi:schemaLocation="http://www.loc.gov/MARC21/slim http://www.loc.gov/standards/marcxml/schema/MARC21slim.xsd">
   <leader>00925njm 22002777a 4500</leader>
   <datafield ind2=" " ind1=" " tag="042">
      <subfield code="a">dc</subfield>
   </datafield>
   <datafield ind2=" " ind1=" " tag="720">
      <subfield code="a">García Díaz, Beatriz</subfield>
      <subfield code="e">author</subfield>
   </datafield>
   <datafield ind2=" " ind1=" " tag="720">
      <subfield code="a">Escamilla-Sánchez, Alejandro</subfield>
      <subfield code="e">author</subfield>
   </datafield>
   <datafield ind2=" " ind1=" " tag="720">
      <subfield code="a">Sánchez-Varo, Raquel María</subfield>
      <subfield code="e">author</subfield>
   </datafield>
   <datafield ind2=" " ind1=" " tag="720">
      <subfield code="a">López-Villodres, Juan Antonio</subfield>
      <subfield code="e">author</subfield>
   </datafield>
   <datafield ind2=" " ind1=" " tag="720">
      <subfield code="a">Mercado-Sáenz, Silvia</subfield>
      <subfield code="e">author</subfield>
   </datafield>
   <datafield ind2=" " ind1=" " tag="720">
      <subfield code="a">Ortega-Jiménez, María Victoria</subfield>
      <subfield code="e">author</subfield>
   </datafield>
   <datafield ind2=" " ind1=" " tag="720">
      <subfield code="a">Rodríguez-Pérez, Luis Manuel</subfield>
      <subfield code="e">author</subfield>
   </datafield>
   <datafield ind2=" " ind1=" " tag="720">
      <subfield code="a">Bermúdez-Flores, Diego Teófilo</subfield>
      <subfield code="e">author</subfield>
   </datafield>
   <datafield ind2=" " ind1=" " tag="260">
      <subfield code="c">2025</subfield>
   </datafield>
   <datafield ind2=" " ind1=" " tag="520">
      <subfield code="a">La Histología Humana suele percibirse por los estudiantes de Terapia Ocupacional como una materia abstracta y poco relacionada con la práctica clínica, lo que reduce su motivación intrínseca y favorece el aprendizaje memorístico. Esta dificultad se acentúa por la complejidad terminológica y la diversidad de perfiles académicos del alumnado.

El estudio analiza una intervención de aprendizaje activo aplicada en la asignatura de Histología Humana del Grado en Terapia Ocupacional de la Universidad de Málaga, cuyo objetivo fue contextualizar los contenidos histológicos en marcos clínicos y terapéuticos. La metodología combinó aprendizaje basado en problemas y role-play, asignando a los estudiantes tres roles secuenciales: paciente/familia, investigador médico y terapeuta ocupacional. A través de estos roles, los alumnos conectaron la experiencia del paciente con los cambios tisulares y diseñaron intervenciones terapéuticas centradas en la autonomía y la funcionalidad.

La actividad culminó en presentaciones grupales que integraron narrativas clínicas, análisis histológicos y propuestas terapéuticas, fomentando además competencias transversales como la comunicación, el trabajo en equipo y el pensamiento crítico.

Los resultados mostraron una mayor retención de contenidos frente a métodos tradicionales, así como mejoras en empatía, comunicación oral y escrita, evaluación crítica de fuentes y reducción de la dependencia de contenidos generados por IA. En conclusión, este modelo de aprendizaje activo y contextualizado conecta eficazmente la teoría histológica con la práctica profesional, incrementa la motivación intrínseca y promueve un aprendizaje significativo y centrado en el paciente, siendo un enfoque replicable en la formación en ciencias de la salud.</subfield>
   </datafield>
   <datafield ind1="8" ind2=" " tag="024">
      <subfield code="a">https://hdl.handle.net/10630/45260</subfield>
   </datafield>
   <datafield tag="653" ind2=" " ind1=" ">
      <subfield code="a">Investigación activa en educación</subfield>
   </datafield>
   <datafield tag="653" ind2=" " ind1=" ">
      <subfield code="a">Terapia ocupacional - Estudio y enseñanza superior</subfield>
   </datafield>
   <datafield ind2="0" ind1="0" tag="245">
      <subfield code="a">Más allá de la clase magistral. Una intervención educativa innovadora en Terapia Ocupacional.</subfield>
   </datafield>
</record>
</metadata></record></GetRecord></OAI-PMH>